000 01798cam a2200493 4500
003 PE-LiUPU
005 20250731173354.0
008 2006 miua b
020 _a843014372
035 _a(Sirsi) i843014372
035 _a(Sirsi) 44471
035 _a(Sirsi) 44471
041 _aes
044 _aes
082 0 4 _a284.109
_bE28 2006
100 1 _aLuther, Martin
_d1483-1546
245 _aObras /
_cLutero ; edición preparada por Teofanes Egido.
250 _a4a edición.
264 1 _aSalamanca :
_bEdiciones Sígueme,
_c2006
300 _a472 páginas :
_bilustraciones ;
_c25 centímetros
490 0 _aEl Peso de los Días
_v1
504 _aIncluye notas bibliograficas
505 0 _aControversia sobre el valor de las indulgencias -- Tratado sobre la indulgencia y la gracia -- Controversia de Heidelberg -- La cautividad babilónica de la iglesia -- La libertad del cristianismo -- Discurso pronunciado en la dieta de Worms.
526 _aSEG42
526 _aSEG41
526 _aSEG40
526 _aSEG39
526 _aP94
526 _aP87
526 _aP86
526 _aP85
526 _aP77
526 _aP76
526 _aP35
650 1 4 _aLuteranismo
700 1 _aEgido, Teófanes
_d1936-
_eprep.
942 _2ddc
_cBOOK
949 _a284.109 E28 2006
_i61980
_lCCODEBUL1
_mBUL
_tLIBRO
_o.STAFF. Colección Teología
859 _q61980
_h284.109
_iE28 2006
910 _agl
_bjv
_cjvm
_d20100208
596 _a1
999 _a284.109 E28 2006
_wDEWEY
_c51098
_i61980
_d51098
_e2017-10-20
_f2021-11-11
_g5
_lCCODEBUL1
_mBUL
_n3
_p39.00
_q6
_r0
_sY
_tBOOK
_u2015-7-6
_xTEOLOGIA
_PP35
_0COMPRA
_o.STAFF. Colección Teología
980 _81
_gALBERTO SANCHEZ Responsable de Automatización